Normal view
MARC view
- Bangladesh
Entry Geographic Name
001 - CONTROL NUMBER
- control field: 109043
003 - CONTROL NUMBER IDENTIFIER
- control field: NUST
005 - DATE AND TIME OF LATEST TRANSACTION
- control field: 20230214101820.0
008 - FIXED-LENGTH DATA ELEMENTS
- fixed length control field: 230214|| aca||aabn | a|a d
040 ## - CATALOGING SOURCE
- Original cataloging agency: NUST
- Transcribing agency: NUST
151 ## - HEADING--GEOGRAPHIC NAME
- Geographic name: Bangladesh
- General subdivision: History
- Chronological subdivision: Revolution, 1971
- General subdivision: Personal narratives, Pakistani
670 ## - SOURCE DATA FOUND
- Source citation: Work cat.: (NUST)186989: Niazi, Amir Abdullah Khan. 109041, The betrayal of East Pakistan / , 1998.
